Online katalóg knižníc regiónu Turca

Raffael (Record no. 21224)

MARC details
000 -LEADER
fixed length control field 02129nam a2200577 4500
001 - CONTROL NUMBER
control field 21224
003 - CONTROL NUMBER IDENTIFIER
control field VRT
005 - DATE AND TIME OF LATEST TRANSACTION
control field 20260224162110.0
008 - FIXED-LENGTH DATA ELEMENTS--GENERAL INFORMATION
fixed length control field 200316s2018 xo g 000 0 slo
015 ## - NATIONAL BIBLIOGRAPHY NUMBER
National bibliography number SNBA2018/10
020 ## - INTERNATIONAL STANDARD BOOK NUMBER
International Standard Book Number 9788022020541
Qualifying information (viazané)
035 ## - SYSTEM CONTROL NUMBER
System control number urn:nbn:sk:snk-am00di2r
035 ## - SYSTEM CONTROL NUMBER
System control number urn:nbn:sk:snk-am3i30a
035 ## - SYSTEM CONTROL NUMBER
System control number A631E688-F3B9-4D0D-B5B0-825014DBCFD0
039 #9 - LEVEL OF BIBLIOGRAPHIC CONTROL AND CODING DETAIL [OBSOLETE]
Level of rules in bibliographic description 202003161001
Level of effort used to assign nonsubject heading access points VLOAD
Level of effort used to assign subject headings 201810171122
Level of effort used to assign classification AUTHORITY
Level of effort used to assign subject headings 201810160901
Level of effort used to assign classification maubb02
Level of effort used to assign subject headings 201810101335
Level of effort used to assign classification maubb02
040 ## - CATALOGING SOURCE
Original cataloging agency SVKBB
Language of cataloging slo
Transcribing agency SVKBB
Modifying agency SNK
Description conventions rda
041 1# - LANGUAGE CODE
Language code of text/sound track or separate title slo
Language code of original ita
044 ## - COUNTRY OF PUBLISHING/PRODUCING ENTITY CODE
MARC country code xo
ISO country code SK
072 #7 - SUBJECT CATEGORY CODE
Subject category code 821.131.1-3
Subject category code subdivision Talianska próza
Source konspekt
072 #7 - SUBJECT CATEGORY CODE
Subject category code 929
Subject category code subdivision Biografie
Source konspekt
080 ## - UNIVERSAL DECIMAL CLASSIFICATION NUMBER
Universal Decimal Classification number 75.071.1
Edition identifier 2011
080 ## - UNIVERSAL DECIMAL CLASSIFICATION NUMBER
Universal Decimal Classification number 929
Edition identifier 2011
080 ## - UNIVERSAL DECIMAL CLASSIFICATION NUMBER
Universal Decimal Classification number 75(450)
Edition identifier 2011
080 ## - UNIVERSAL DECIMAL CLASSIFICATION NUMBER
Universal Decimal Classification number 821.131.1-31
Edition identifier 2011
080 ## - UNIVERSAL DECIMAL CLASSIFICATION NUMBER
Universal Decimal Classification number (0:82-312.6)
Edition identifier 2011
100 1# - MAIN ENTRY--PERSONAL NAME
Personal name Cristofanelli, Rolando,
Dates associated with a name 1916-
Relationship aut
240 13 - UNIFORM TITLE
Uniform title Il ragazzo Raffaello
Language of a work Slovensky
245 10 - TITLE STATEMENT
Title Raffael
Statement of responsibility, etc. Rolando Cristofanelli ; z talianskeho originálu Il ragazzo Raffaello ... preložila Miroslava Vallová
264 #1 - PRODUCTION, PUBLICATION, DISTRIBUTION, MANUFACTURE, AND COPYRIGHT NOTICE
Place of production, publication, distribution, manufacture Bratislava
Name of producer, publisher, distributor, manufacturer Slovenský spisovateľ, a.s.
Date of production, publication, distribution, manufacture, or copyright notice 2018
300 ## - PHYSICAL DESCRIPTION
Extent 336 strán
Dimensions 21 cm
336 ## - CONTENT TYPE
Content type term text
Content type code txt
Source rdacontent
337 ## - MEDIA TYPE
Media type term bez média
Media type code n
Source rdamedia
338 ## - CARRIER TYPE
Carrier type term zväzok
Carrier type code nc
Source rdacarrier
600 07 - SUBJECT ADDED ENTRY--PERSONAL NAME
Personal name Raffael,
Dates associated with a name 1483-1520
Source of heading or term SNKMA
650 07 - SUBJECT ADDED ENTRY--TOPICAL TERM
Topical term or geographic name entry element maliari
Source of heading or term SNKPH
650 07 - SUBJECT ADDED ENTRY--TOPICAL TERM
Topical term or geographic name entry element talianske maliarstvo
Source of heading or term SNKPH
650 07 - SUBJECT ADDED ENTRY--TOPICAL TERM
Topical term or geographic name entry element Painters
Source of heading or term SNKPHeng
650 07 - SUBJECT ADDED ENTRY--TOPICAL TERM
Topical term or geographic name entry element Italian painting
Source of heading or term SNKPHeng
655 #7 - INDEX TERM--GENRE/FORM
Genre/form data or focus term talianske romány
Source of term SNKPH
655 #7 - INDEX TERM--GENRE/FORM
Genre/form data or focus term Italian fiction
Source of term SNKPHeng
655 #7 - INDEX TERM--GENRE/FORM
Genre/form data or focus term biografické romány
Source of term SNKPH
655 #7 - INDEX TERM--GENRE/FORM
Genre/form data or focus term Biographical novels
Source of term SNKPHeng
700 1# - ADDED ENTRY--PERSONAL NAME
Personal name Vallová, Miroslava,
Dates associated with a name 1952-
Relationship trl
942 ## - ADDED ENTRY ELEMENTS (KOHA)
Source of classification or shelving scheme Dewey Decimal Classification
Koha item type Krásna literatúra pre dospelých
Suppress in OPAC No
949 ## - LOCAL PROCESSING INFORMATION (OCLC)
6 17A1336688
a snkSC 180931 D1
b snk2018/19441
o 1522/18
949 ## - LOCAL PROCESSING INFORMATION (OCLC)
6 369701000022581
a aubbV 13949
b aubbV13949
p Vecný P-R
q Vecný P-R
949 ## - LOCAL PROCESSING INFORMATION (OCLC)
6 270001000590255
a svkbbA 154627
b svkbbm 777210
949 ## - LOCAL PROCESSING INFORMATION (OCLC)
6 17A1334410
a snkSC 180931
b snk2018/16404
o 1522/18
s 6100:20181010
949 ## - LOCAL PROCESSING INFORMATION (OCLC)
6 2889344354
a savukS 161352
b savuk2018/4651
Holdings
Stav vyradenia Strata Poškodenie Spôsob nadobudnutia Domovská knižnica Aktuálna knižnica Dátum nadobudnutia Total checkouts Čiarový kód exemplára Date last seen Typ exemplára
      Dar Obecná knižnica Horná Štubňa Obecná knižnica Horná Štubňa 24.02.2026   9788022020541 24.02.2026 Krásna literatúra pre dospelých
Projekt je podporený Slovenskou asociáciou knižníc
Prevádzkuje Turčianska knižnica Martin 2026